Kraj VS Kraj: Węgry czy Austria? - Statystyki

Ogólne statystyki
  • Ten quiz został rozwiązany 107 razy
  • Średni wynik to 7 z 12
Statystyki odpowiedzi
Zagadnienie Odpowiedź % Poprawnych
Stolica państwa oddalona jest od innej o mniej niż 60 km: Austria
86%
Graniczy z państwem dawnego ZSRR: Węgry
86%
Jest krajem słowiańskim: żadne
86%
Brało udział w rozbiorach I RP: Austria
57%
Na herbie państwa nie występuje orzeł: Węgry
57%
Stolica państwa znajduje się nad Dunajem: Węgry i Austria
57%
Narodowe danie kraju przyrządza się z indykiem: żadne
57%
Graniczy z krajem podwójnie śródlądowym: Austria
43%
Państwo położone jest bliżej morza: Austria
43%
W ubiegłym, XX w., państwo miało dostęp do morza: Węgry i Austria
43%
Na terytorium państwa znajduje się największe jezioro w całej Europie: żadne
43%
Graniczy z państwem, które ma dostęp do otwartego oceanu: Austria
29%
Nie znaleziono quizów pasujących do podanych kryteriów
Rozkład punktacji
Procent ludzi z każdym wynikiem
Percentyl według liczby udzielonych odpowiedzi
Twoja historia wyników
Nie rozwiązałeś tego quizu